| 000 | 01066nac a22003377a 4500 | ||
|---|---|---|---|
| 001 | BR0304289 | ||
| 003 | BR-BrBNA | ||
| 005 | 20240105122850.0 | ||
| 008 | 230509b bl.|||m| |||| 00| 0 por d | ||
| 040 |
_aBR-BrBNA _bpor _cBiblioteca Nacional de Agricultura |
||
| 072 | _aF01; F61 | ||
| 090 | _a1959 BR0304289 | ||
| 100 | 1 | _aXavier, D.F. | |
| 100 | 1 | _aBotrel, M. de A. | |
| 100 | 1 | _aAlvim, M.J. | |
| 110 | 1 | _aEMBRAPA Gado de Leite, Juiz de Fora, MG (Brasil) | |
| 245 | 1 | _aAvaliação de ervilha forrageira na Zona da Mata de Minas Gerais | |
| 260 | 3 |
_aJuiz de Fora, MG (Brasil): _c2002. |
|
| 300 | _a4 p. | ||
| 490 |
_aComunicado Técnico - EMBRAPA Gado de Leite (Brazil) _vno. 20 _xISSN 1678-3123 |
||
| 650 | _aLEGUMINOSA FORRAGEIRA | ||
| 650 | _aPRODUÇÃO VEGETAL | ||
| 650 | _aFORRAGEM | ||
| 650 | _aVARIEDADE RESISTENTE | ||
| 650 | _aNUTRIÇÃO ANIMAL | ||
| 650 | _aPROPRIEDADE FÍSICO-QUÍMICA | ||
| 650 | _aROTAÇÃO DE CULTURA | ||
| 650 | _aMINAS GERAIS | ||
| 909 |
_a202312 _bLúcia Elande _c55 _dLúcia Elande |
||
| 942 |
_2AGRIS _n0 _cMS |
||
| 999 |
_c293109 _d293109 |
||